00958nam a2200277 a 450000100100000000500170001000800410002702000150006804000180008308200200010110000400012124500920016126000340025330000210028749000230030849000310033165000280036265000300039074000360042083000380045683000290049491000070052304900090053095201240053999900170066300002128720200930011303.0100903s1999 mx 000 p spa d a9681905288 aDO-SdBNPbspa aU861.44bB462po1 aBenedetti, Mario,d1920-200991195910aPoemas de la oficina : 1953-1956 ; poemas del Hoyporhoy : 1958-1961 /cMario Benedetti. aMéxico :bAlfaguara,c1999. a103 p. ;c19 cm.1 aAlfaguara bolsillo1 aBiblioteca Mario Benedetti 4aPoesía uruguaya93846 4aLiteratura uruguaya930540 aPoemas del Hoyporhoy : 1958-196 0aBiblioteca Mario Benedetti924217 0aAlfaguara bolsillo94125 aWM aBNGR 001054708MOaGRbGRcHDd2010-09-03iLF1l0oU861.44 B462pop21287-10r2020-06-25w2020-06-25y4ZPréstamo en sala c20787d20787